Κατάλογος Βιβλιοθηκών Mediterranean College

Language and Politics (Record no. 2477)

MARC details
000 -LEADER
fixed length control field 01192cam a22001934a 4500
005 - ΗΜΕΡΟΜΗΝΙΑ ΚΑΙ ΩΡΑ ΤΕΛΕΥΤΑΙΑΣ ΕΝΗΜΕΡΩΣΗΣ
Πεδίο ελέγχου 20250605164043.0
008 - FIXED-LENGTH DATA ELEMENTS--GENERAL INFORMATION
Πεδίο ελέγχου σταθερού μήκους 250528s ||||||||||||||||||||||||d
035 ## - SYSTEM CONTROL NUMBER
System control number 17037
020 ## - ISBN
ISBN 921689349
040 ## - ΠΗΓΗ ΚΑΤΑΛΟΓΟΓΡΑΦΗΣΗΣ
Φορέας πρωτότυπης καταλογογράφησης MC Athens Campus Library
Γλώσσα καταλογογράφησης Ελληνικά, Μοντέρνα (1453-)
Modifying agency MC Athens Campus Library
Κανόνες περιγραφικής καταλογογράφησης AACR2
245 1# - ΤΙΤΛΟΣ ΚΑΙ ΔΗΛΩΣΗ ΥΠΕΥΘΥΝΟΤΗΤΑΣ
Τίτλος Language and Politics
260 ## - PUBLICATION, DISTRIBUTION, ETC.
Name of publisher, distributor, etc. Black Rose Books
300 ## - PHYSICAL DESCRIPTION
Extent 784
520 ## - SUMMARY, ETC.
Summary, etc. Many people who read Noam Chomsky are surprised to discover that he can be at his best dealing extemporaneously with questions. The Intellectual as Prophet, The Creative Experience, Linguistics and Politics, Language and Behaviorist Psychology, Materialism in Linguistics and the Morality Criterion, Language Theory and the Theory of Justice, Language and the Human Mind, U.S. Defense Responsibility?, Human Rights and the American Foreign Policy, The Intelligence Identities Protection Act, The Lessons of the Vietnam War, Politics and Science, The Manufacture of Consent, American Middle East Policy, Aspects of a Theory of Mind, Alternatives to the Cold War, The First Prime Time Bombing in History, No Stone Left Unturned, The Plague of the Modern Age.
700 1# - ΠΡΟΣΘΕΤΗ ΑΝΑΓΡΑΦΗ--ΦΥΣΙΚΟ ΠΡΟΣΩΠΟ
Personal name Chomsky Noam
9 (RLIN) 225
942 ## - ADDED ENTRY ELEMENTS (KOHA)
Koha item type Books
Holdings
Τύπος τεκμηρίου Βιβλιοθήκη Τρέχουσα τοποθεσία Barcode Αριθμός εισαγωγής Ημερομηνία απόκτησης Ταξιθετικό σύμβολο Αριθμός αντιτύπου Κατάσταση απόσυρσης Κατάσταση χαμένου Κατάσταση κατεστραμμένου Μη δανεισμός Σύνολο δανεισμών Ημερομηνία τελευταίας εμφάνισης Η τιμή ισχύει από
Books MC Athens Campus Library MC Athens Campus Library 9780000024763 6900 05/06/2025 320 CHO 1           05/06/2025 05/06/2025

MC Athens Campus Library
Πατησίων 94 & Κοδριγκτώνος 13, 104 34
Πελλήνης 8 & Πατησίων 107, 112 51
Τ: +30 210 8899600

MC Thessaloniki Campus Library
Ίωνος Δραγούμη 21, 54625 | Ίωνος Δραγούμη 15, 54625
Τ: +30 2310 287779 – Τ: +30 2314 440300